Sing it pretty (Record no. 97344)

MARC details
000 -LEADER
fixed length control field 00702nam a2200253 i 4500
001 - CONTROL NUMBER
control field C2-0292477
003 - CONTROL NUMBER IDENTIFIER
control field PPAK
005 - DATE AND TIME OF LATEST TRANSACTION
control field 20180728024509.0
008 - FIXED-LENGTH DATA ELEMENTS--GENERAL INFORMATION
fixed length control field 090106s2008 ilu |||| ||||| | eng d
020 ## - INTERNATIONAL STANDARD BOOK NUMBER
International Standard Book Number 9780252075094
040 ## - CATALOGING SOURCE
Original cataloging agency PPAK
Language of cataloging eng
Transcribing agency PPAK
Description conventions rda
082 04 - DEWEY DECIMAL CLASSIFICATION NUMBER
Classification number 782.42162
Edition number 23
090 00 - LOCALLY ASSIGNED LC-TYPE CALL NUMBER (OCLC); LOCAL CALL NUMBER (RLIN)
Classification number (OCLC) (R) ; Classification number, CALL (RLIN) (NR) 782.42162
Feature heading HAW
Feature heading LCK
Classification number (OCLC) (R) ; Classification number, CALL (RLIN) (NR) 782.42162
Feature heading HAW
Feature heading RLCK
100 1# - MAIN ENTRY--PERSONAL NAME
Personal name Hawes, Bess Lomax,
Relator term author
245 10 - TITLE STATEMENT
Title Sing it pretty
264 #1 - PRODUCTION, PUBLICATION, DISTRIBUTION, MANUFACTURE, AND COPYRIGHT NOTICE
Place of production, publication, distribution, manufacture Urbana, Illinois :
Name of producer, publisher, distributor, manufacturer University of Illinois Press ,
Date of production, publication, distribution, manufacture, or copyright notice 2008
300 ## - PHYSICAL DESCRIPTION
Extent 182 pages ;
Dimensions 23 cm
336 ## - CONTENT TYPE
Source rdacontent
Content type term text
337 ## - MEDIA TYPE
Source rdamedia
Media type term unmediated
338 ## - CARRIER TYPE
Source rdacarrier
Carrier type term volume
650 10 - SUBJECT ADDED ENTRY--TOPICAL TERM
Topical term or geographic name entry element Hawes, Bess Lomax, 1921 -
942 ## - ADDED ENTRY ELEMENTS (KOHA)
-- dc
Koha item type Book
Holdings
Withdrawn Not for loan Current library Shelving location Date acquired Full call number Barcode Date last seen Koha item type
    Perpustakaan Alor Setar American Corner 08/06/2011 LCK 782.42162 HAW A00863120 09/05/2018 Book
  Not For Loan Perpustakaan Alor Setar Rujukan American Corner 08/01/2009 RLCK 782.42162 HAW A00862051 09/05/2018 Book